| 000 | 00541nam a2200157Ia 4500 | ||
|---|---|---|---|
| 008 | 220217s9999 xx 000 0 und d | ||
| 245 | 0 | _aBritish Standards: Methods- Testing raw rubber and unvulcanized compounded rubber. Part 1. Sampling and further preparative procedures | |
| 260 | _aLondon | ||
| 260 |
_c1976 _bBritish Standards Institution |
||
| 490 | _aBritish Standards | ||
| 500 | _aStandard number: BS 1673: Part 1 | ||
| 650 | _aCompounded rubber | ||
| 650 | _aRaw rubber testing | ||
| 650 | _aUnvulcanized rubber | ||
| 942 | _cST | ||
| 999 |
_c73024 _d73024 |
||